000 00934nam a2200265 a 4500
008 060616s2006||||xo g 000 0 slo d
020 _a809688915X
_q(brož.)
_c10
040 _aSNK
_bslo
_cSNK
_eAACR2
041 0 _aslo
_acze
044 _axo
_cSK
_cSK
080 _a159.922.8
_x(063)
_22001
080 _a159.922.8
_22001
080 _a316.752
_22001
080 _a(063)
_22001
080 _a316.346.32-053.67
_22001
245 1 0 _aAdolescencia
_baktuálne otázky predčasného a predĺženého dospievania : zborník referátov z konferencie 7. apríla 2006
_c[zostavila: Terézia Lenczová]
250 _a[1. vyd.]
260 _aBratislava
_bSlovenská spoločnosť pre rodinu a zodpovedné rodičovstvo
_c2006
300 _a176 s.
_c21 cm
504 _aBibliogr. s. 176
650 0 7 _aadolescenti
_2SNKPH
650 0 7 _adospievanie
_2SNKPH
650 0 7 _apsychológia adolescentov
_2SNKPH
650 0 7 _ahodnotová orientácia
_2SNKPH
999 _c15304
_d15304